Statistiques concernant La nourriture française

Cliquez ici pour prendre le quiz!

Statistiques générales

  • Ce quiz a été pris 1 059 fois
  • Le résultat moyen est 11 sur 16

Statistiques - réponses

Réponse% Correct
Croissant
100%
Macaron
98%
Baguette
96%
Raclette
92%
Croque monsieur
87%
Tartiflette
81%
Quiche lorraine
78%
Choucroute
76%
Cassoulet
72%
Gratin dauphinois
67%
Bœuf bourguignon
66%
Pot au feu
62%
Hachis parmentier
60%
Blanquette de veau
52%
Foie gars
7%
Escargots persillés
5%

Distribution des résultats

Percentile par nombre de réponses

% des personnes avec chaque résultat

Votre développement - résultats

Vous n’avez pas pris ce quiz